Könyvvizsgálók a fehérgalléros bűnözés ellen

Bibliográfiai részletek
Szerző: Képes Gréta
További közreműködők: Siklósi Dr. Ágnes
Dokumentumtípus: Diplomadolgozat
Kulcsszavak:Könyvvizsgálat
Csalás
Adatbiztonság
Online Access:http://dolgozattar.uni-bge.hu/11586

MARC

LEADER 00000nta a2200000 i 4500
001 dolg11586
005 20170516124117.0
008 170516suuuu hu om 000 hun d
040 |a BGE Dolgozattár Repozitórium  |b hun 
041 |a hu 
100 1 |a Képes Gréta 
245 1 0 |a Könyvvizsgálók a fehérgalléros bűnözés ellen  |c Képes Gréta  |h [elektronikus dokumentum] 
695 |a Könyvvizsgálat 
695 |a Csalás 
695 |a Adatbiztonság 
700 1 |a Siklósi Dr. Ágnes  |e ths 
856 4 0 |u http://dolgozattar.uni-bge.hu/11586/1/K%C3%89SZ_szakdoga_nyilatkozattal.pdf  |z Dokumentum-elérés